000 00351 a2200157 4500
001 181569
020 _a
040 _cMagnum
100 _aPowell, Jonh
240 1 0 _aArrancar mascaras! abandonar papeis!
_lpor
245 1 0 _aArrancar mascaras! abandonar papeis!
362 0 _a1899
440 1 _aLoyola
697 _aMAGNITO: GERAL
942 _cBK
999 _c181569
_d181569